[Event "N1 Reykjavik Open 2014"]
[Site "Reykjavik ISL"]
[Date "2014.03.11"]
[Round "9.9"]
[White "Ramirez, Alejandro"]
[Black "Harika, Dronavalli"]
[Result "0-1"]
[WhiteTitle "GM"]
[BlackTitle "GM"]
[WhiteElo "2599"]
[BlackElo "2487"]
[WhiteFideId "6500617"]
[BlackFideId "5015197"]
[EventDate "2014.03.04"]

1. d4 Nf6 2. c4 g6 3. g3 Bg7 4. Bg2 O-O 5. Nc3 d6 6. Nf3 Nbd7 7. O-O e5 8. e4
exd4 9. Nxd4 Nc5 10. Nb3 Nfd7 11. Be3 a5 12. Qc2 Ne6 13. Rad1 Ne5 14. Qe2 a4 15.
Nc1 a3 16. b3 Ng4 17. Qxg4 Bxc3 18. Qe2 Qe7 19. Qc2 Bg7 20. Ne2 Re8 21. Nc3 c6
22. Rfe1 h5 23. h4 Ra6 24. b4 Bd7 25. Ne2 b5 26. Qd3 bxc4 27. Qxd6 Qxd6 28. Rxd6
Bc8 29. Rc1 Ra4 30. e5 Rxb4 31. Bxc6 Re7 32. f4 Bb7 33. Nc3 Bxc6 34. Rxc6 Rd7
35. Rc8+ Kh7 36. Ra8 Rb2 37. Rxa3 Rd3 38. Bf2 Bf8 39. Ra4 Bc5 40. Bxc5 Rxg3+ 41.
Kf1 Rf3+ 42. Kg1 Nxf4 43. Ne2 Nxe2+ 44. Kg2 Rc3 0-1

[Event "N1 Reykjavik Open 2014"]
[Site "Reykjavik ISL"]
[Date "2014.03.11"]
[Round "9.10"]
[White "Pavlovic, Milos"]
[Black "Abrahamyan, Tatev"]
[Result "1/2-1/2"]
[WhiteTitle "GM"]
[BlackTitle "WGM"]
[WhiteElo "2506"]
[BlackElo "2376"]
[WhiteFideId "900389"]
[BlackFideId "13301918"]
[EventDate "2014.03.04"]

1. Nf3 c5 2. c4 Nc6 3. g3 e5 4. Nc3 g6 5. Bg2 Bg7 6. O-O Nge7 7. a3 O-O 8. Rb1
d5 9. cxd5 Nxd5 10. Nxd5 Qxd5 11. d3 Qd6 12. Be3 Bd7 13. b4 cxb4 14. axb4 Nxb4
15. Nd2 Nd5 16. Rxb7 Bc6 17. Ne4 Qd8 18. Bg5 f6 19. Nc5 Qd6 20. Ne4 Qd8 21. Nc5
Qd6 22. Ne4 Qd8 23. Nc5 1/2-1/2

[Event "N1 Reykjavik Open 2014"]
[Site "Reykjavik ISL"]
[Date "2014.03.11"]
[Round "9.11"]
[White "Kjartansson, Gudmundur"]
[Black "Berkes, Ferenc"]
[Result "1/2-1/2"]
[WhiteTitle "IM"]
[BlackTitle "GM"]
[WhiteElo "2441"]
[BlackElo "2687"]
[WhiteFideId "2301318"]
[BlackFideId "718572"]
[EventDate "2014.03.04"]

1. Nf3 Nf6 2. c4 g6 3. g3 Bg7 4. Nc3 O-O 5. Bg2 d6 6. d4 Nbd7 7. O-O e5 8. e4 h6
9. h3 Nh7 10. dxe5 Nxe5 11. Nxe5 dxe5 12. Be3 c6 13. Qxd8 Rxd8 14. Rfd1 Re8 15.
Rd2 Ng5 16. Kh2 Ne6 17. Rad1 h5 18. c5 Kh7 19. Ne2 a5 20. a4 Bh6 21. Bxh6 Kxh6
22. Rc2 Nc7 23. Nc1 Be6 24. Bf1 Kg7 25. Bc4 h4 26. Bxe6 Nxe6 27. Nb3 Reb8 28.
Rc3 b5 29. cxb6 Rxb6 30. gxh4 Rb4 31. Nc5 Nxc5 32. Rxc5 Rxe4 33. b3 Re2 34. Kg3
Rb8 35. Rd3 e4 36. Rdc3 f5 37. h5 Rf8 38. Rxc6 f4+ 39. Kh4 gxh5 40. Rc7+ Rf7 41.
f3 Rxc7 42. Rxc7+ Kf6 43. fxe4 Rxe4 44. Rc6+ Re6 45. Rc5 Re5 46. Rc6+ Kf5 47.
Rc4 Re8 48. b4 Re4 49. Rc5+ Kg6 50. bxa5 f3+ 51. Kg3 Rxa4 52. Rc6+ Kf5 53. a6
h4+ 54. Kxf3 Ra3+ 55. Ke2 Ke4 56. Kd2 Kd4 57. Rg6 Ra2+ 58. Kc1 Kc3 59. Kb1 Ra5
60. Rc6+ Kb4 61. Rh6 Kb5 62. Rxh4 Rxa6 63. Kc2 Ra3 64. Kd2 Kc5 65. Ke2 Kd5 66.
Kf2 Ke5 1/2-1/2

[Event "N1 Reykjavik Open 2014"]
[Site "Reykjavik ISL"]
[Date "2014.03.11"]
[Round "9.12"]
[White "Stefansson, Hannes"]
[Black "Norowitz, Yaacov"]
[Result "1-0"]
[WhiteTitle "GM"]
[BlackTitle "IM"]
[WhiteElo "2541"]
[BlackElo "2430"]
[WhiteFideId "2300087"]
[BlackFideId "2024799"]
[EventDate "2014.03.04"]

1. d4 Nf6 2. c4 e6 3. Nf3 Bb4+ 4. Nc3 b6 5. Bg5 Bb7 6. Nd2 h6 7. Bh4 Be7 8. e4
d6 9. Bd3 e5 10. Bxf6 Bxf6 11. d5 a5 12. a3 Nd7 13. O-O O-O 14. b4 Bg5 15. Qe2
g6 16. Rfb1 f5 17. Nb3 a4 18. Nd2 Bc8 19. f3 Nf6 20. c5 Nh5 21. g3 dxc5 22. bxc5
Be7 23. d6 cxd6 24. cxb6 d5 25. b7 Bxb7 26. Rxb7 dxe4 27. Bc4+ Kh8 28. Nd5 Bc5+
29. Kh1 Bd4 30. Rab1 e3 31. Nxe3 f4 32. Nef1 Qd6 33. g4 Nf6 34. Qd3 e4 35. Nxe4
Nxe4 36. Qxe4 Rae8 37. Qd3 1-0

[Event "N1 Reykjavik Open 2014"]
[Site "Reykjavik ISL"]
[Date "2014.03.11"]
[Round "9.13"]
[White "Thorhallsson, Throstur"]
[Black "Molner, Mackenzie"]
[Result "1/2-1/2"]
[WhiteTitle "GM"]
[BlackTitle "GM"]
[WhiteElo "2435"]
[BlackElo "2528"]
[WhiteFideId "2300109"]
[BlackFideId "2021722"]
[EventDate "2014.03.04"]

1. e4 c5 2. Nf3 d6 3. d4 cxd4 4. Nxd4 Nf6 5. Nc3 a6 6. Bg5 e6 7. f4 h6 8. Bh4
Qb6 9. Qd3 Qxb2 10. Rb1 Qa3 11. f5 Nc6 12. fxe6 Bxe6 13. Nxe6 fxe6 14. Bxf6 gxf6
15. Rxb7 Be7 16. Be2 Qc5 17. Rf1 Rg8 18. Qh3 Rg5 19. Rxf6 Nd8 20. Rxh6 Nxb7 21.
Rh8+ Kd7 22. Rxa8 Rg7 23. Nd5 Qg1+ 24. Kd2 Bg5+ 25. Ne3 Qa1 26. Qh8 Qd4+ 27. Ke1
Bd8 28. Qf8 Ba5+ 29. Kf1 Nd8 30. Ra7+ Bc7 31. Nf5 exf5 32. Qxf5+ Kc6 33. Rxa6+
Kb7 34. Qd5+ Qxd5 35. exd5 Rh7 36. h3 Rf7+ 37. Ke1 Bb6 38. Ra3 Re7 39. h4 Nf7
40. Rf3 Ne5 41. Rf6 Kc7 42. Kf1 1/2-1/2

[Event "N1 Reykjavik Open 2014"]
[Site "Reykjavik ISL"]
[Date "2014.03.11"]
[Round "9.14"]
[White "L'Ami, Alina"]
[Black "Kristjansson, Stefan"]
[Result "1-0"]
[WhiteTitle "WGM"]
[BlackTitle "GM"]
[WhiteElo "2398"]
[BlackElo "2503"]
[WhiteFideId "1210246"]
[BlackFideId "2301172"]
[EventDate "2014.03.04"]

1. d4 Nf6 2. c4 e6 3. Nc3 c5 4. d5 exd5 5. cxd5 d6 6. e4 g6 7. f4 Bg7 8. Bb5+
Nfd7 9. Nf3 a6 10. Bd3 b5 11. O-O O-O 12. Kh1 b4 13. Ne2 a5 14. f5 Ba6 15. Bg5
Qb6 16. Bxa6 Qxa6 17. Qd2 Re8 18. Ng3 Ne5 19. Nxe5 Rxe5 20. Bh6 Bh8 21. Qf4 Ra7
22. Nh5 f6 23. Qg4 Qc8 24. Rae1 Rae7 25. Ng3 Qe8 26. fxg6 hxg6 27. Bf4 f5 28.
Qd1 fxe4 29. Bxe5 Rxe5 30. Qg4 e3 31. Nf5 e2 32. Rf2 Re4 33. Rfxe2 Re5 34. Nxd6 1-0

[Event "N1 Reykjavik Open 2014"]
[Site "Reykjavik ISL"]
[Date "2014.03.11"]
[Round "9.16"]
[White "Bekker-Jensen, Simon"]
[Black "Shoker, Samy"]
[Result "1-0"]
[WhiteTitle "IM"]
[BlackTitle "IM"]
[WhiteElo "2418"]
[BlackElo "2466"]
[WhiteFideId "1403613"]
[BlackFideId "627143"]
[EventDate "2014.03.04"]

1. d4 Nf6 2. c4 c5 3. d5 e6 4. Nc3 exd5 5. cxd5 d6 6. Nf3 g6 7. g3 Bg7 8. Bg2
O-O 9. O-O a6 10. a4 Re8 11. Bf4 h6 12. Re1 Bf5 13. Qb3 b6 14. Nd2 g5 15. Be3
Ng4 16. Nc4 Ra7 17. Bd2 Rb7 18. e4 Bg6 19. h3 Ne5 20. Nxe5 Bxe5 21. f4 gxf4 22.
gxf4 Bd4+ 23. Kh1 Qh4 24. e5 dxe5 25. Ne4 c4 26. Qxc4 b5 27. axb5 axb5 28. Qb3
Nd7 29. Nd6 Nc5 30. Qf3 Nd3 31. f5 Nf2+ 32. Kh2 Bh5 33. Re4 Nxe4 34. Qxe4 Qxe4
35. Bxe4 Rbb8 36. Nxe8 Rxe8 37. Bxh6 Kh7 38. Bg5 Bxb2 39. Ra6 f6 40. Rxf6 Kg8
41. d6 1-0

[Event "N1 Reykjavik Open 2014"]
[Site "Reykjavik ISL"]
[Date "2014.03.11"]
[Round "9.17"]
[White "Aravindh, Chithambaram VR."]
[Black "Galego, Luis"]
[Result "1/2-1/2"]
[WhiteTitle "FM"]
[BlackTitle "GM"]
[WhiteElo "2395"]
[BlackElo "2463"]
[WhiteFideId "5072786"]
[BlackFideId "1900072"]
[EventDate "2014.03.04"]

1. e4 d6 2. d4 Nf6 3. Nc3 e5 4. Nf3 exd4 5. Nxd4 Be7 6. g3 O-O 7. Bg2 Bg4 8.
Nde2 Nc6 9. h3 Bxe2 10. Qxe2 Re8 11. O-O Bf8 12. Bg5 Nd4 13. Qc4 Ne6 14. Be3 c6
15. a4 a5 16. Rad1 Qc8 17. Rd2 h6 18. Rfd1 Ng5 19. Kh2 Nfxe4 20. Nxe4 d5 21.
Nf6+ gxf6 22. Qd3 Ne4 23. Re2 Nd6 24. Rde1 Qf5 25. Qd1 Nc4 26. Bc1 Rxe2 27. Rxe2
Nd6 28. Qe1 Qd7 29. b3 b5 30. axb5 Nxb5 31. Bb2 Qf5 32. Qa1 Bg7 33. Qa4 Qd7 34.
b4 Qd8 35. c4 axb4 36. Qxb4 Nc7 37. cxd5 Nxd5 38. Qg4 Qc8 39. Qd4 Qd7 40. Re4
Qf5 41. Qc5 Qd7 42. Rg4 h5 43. Rh4 Rb8 44. Qc2 Nb4 45. Qe2 Nd3 46. Rd4 Qb7 47.
Ba3 Ne5 48. Bd6 Re8 49. Qxh5 Ng6 50. Rd2 Bf8 51. Bxf8 Kxf8 52. Qc5+ Ne7 53. Rd6
Qb2 54. Rxc6 Rd8 55. Rc7 Qe2 56. h4 Rd2 57. Rc8+ Kg7 58. Re8 Rd7 59. Bh3 Rb7 60.
Bg2 Rd7 61. Qb4 Ra7 62. Qd6 Qe5 63. Qd8 Qc7 64. Qd4 Qd7 65. Qxd7 Rxd7 66. Be4 f5
67. Bf3 Kf6 68. Ra8 Ng6 69. Ra6+ Kg7 70. Kg2 Ne5 71. Be2 Rd2 72. Kf1 f4 73. Ra5
Ng6 74. h5 fxg3 75. fxg3 Ne7 76. Bf3 f5 77. Ra7 Kf6 78. h6 Rh2 79. Ra6+ Kg5 80.
Ra7 Kf6 81. g4 fxg4 82. Bxg4 Ke5 1/2-1/2

[Event "N1 Reykjavik Open 2014"]
[Site "Reykjavik ISL"]
[Date "2014.03.11"]
[Round "9.20"]
[White "Ptacnikova, Lenka"]
[Black "Browne, Walter S."]
[Result "1/2-1/2"]
[WhiteTitle "WGM"]
[BlackTitle "GM"]
[WhiteElo "2239"]
[BlackElo "2444"]
[WhiteFideId "305650"]
[BlackFideId "2000210"]
[EventDate "2014.03.04"]

1. c4 e5 2. g3 Nc6 3. Bg2 g6 4. Nc3 Bg7 5. e4 d6 6. Nge2 f5 7. d3 Nf6 8. exf5
Bxf5 9. O-O Qd7 10. d4 O-O 11. d5 Ne7 12. Bg5 Rf7 13. Qd2 Raf8 14. Rad1 h5 15.
h4 Nh7 16. f3 Nxg5 17. hxg5 Bh3 18. Ne4 Bxg2 19. Kxg2 Nf5 20. Qd3 h4 21. g4 Nd4
22. Nxd4 exd4 23. Kh3 Be5 24. Rde1 Rf4 25. Nf6+ Bxf6 26. gxf6 R8xf6 27. Kxh4 Qf7
28. Kg3 c5 29. Re4 g5 30. Qe2 Kf8 31. Kg2 Rxe4 32. Qxe4 Rf4 33. Qd3 Qe7 34. Rh1
Qe3 35. Rh8+ Ke7 36. Rh7+ Kd8 37. Qxe3 dxe3 38. b3 Rd4 39. Kf1 Rd2 40. Rxb7 Rxa2
41. Rg7 Rf2+ 42. Ke1 Rxf3 43. Ke2 Rf2+ 44. Kxe3 Rb2 45. Rxa7 Rxb3+ 46. Ke4 Rb4
47. Kf5 Rxc4 48. Ke6 Rxg4 49. Kxd6 Ke8 50. Kxc5 Rf4 51. Kc6 Rc4+ 52. Kd6 g4 53.
Re7+ Kf8 54. Re1 g3 55. Rg1 Rc3 56. Kd7 Kf7 57. Rf1+ Kg6 58. d6 Kg5 59. Ke7 Re3+
60. Kd8 Rd3 61. d7 Kg4 62. Rc1 g2 63. Kc8 Kf3 64. d8=Q Rxd8+ 65. Kxd8 Kf2 66.
Rc2+ Kf1 67. Rxg2 Kxg2 1/2-1/2

[Event "N1 Reykjavik Open 2014"]
[Site "Reykjavik ISL"]
[Date "2014.03.12"]
[Round "10.1"]
[White "Van Kampen, Robin"]
[Black "Li, Chao b"]
[Result "1/2-1/2"]
[WhiteTitle "GM"]
[BlackTitle "GM"]
[WhiteElo "2603"]
[BlackElo "2700"]
[WhiteFideId "1020854"]
[BlackFideId "8604436"]
[EventDate "2014.03.04"]

1. e4 e5 2. Bc4 Nf6 3. d3 c6 4. Nf3 d5 5. Bb3 a5 6. a4 Bb4+ 7. c3 Bd6 8. Bg5 Be6
9. d4 dxe4 10. Nxe5 Bxe5 11. Bxe6 fxe6 12. dxe5 Qxd1+ 13. Kxd1 Ng4 14. Ke2 O-O
15. Be3 Nd7 16. Nd2 Nxe3 17. Kxe3 Nxe5 18. Nxe4 Rad8 19. Rhd1 Rd5 20. Ke2 Ng4
21. f3 Re5 22. Rd4 Nf6 23. Rad1 b5 24. axb5 Nxe4 25. Rxe4 Rxb5 26. b4 axb4 27.
cxb4 e5 28. Rc1 Rfb8 29. Rxc6 Rxb4 30. Rxe5 Rb2+ 31. Kf1 Rb1+ 32. Kf2 R8b2+ 33.
Re2 Rxe2+ 34. Kxe2 Rb2+ 35. Kf1 Kf7 36. Kg1 h5 37. h4 Rb4 38. g3 Rb2 39. Kf1 g6
40. Rc4 1/2-1/2

[Event "N1 Reykjavik Open 2014"]
[Site "Reykjavik ISL"]
[Date "2014.03.12"]
[Round "10.3"]
[White "L'Ami, Erwin"]
[Black "Gretarsson, Hjorvar Steinn"]
[Result "1/2-1/2"]
[WhiteTitle "GM"]
[BlackTitle "GM"]
[WhiteElo "2646"]
[BlackElo "2511"]
[WhiteFideId "1007998"]
[BlackFideId "2302241"]
[EventDate "2014.03.04"]

1. d4 Nf6 2. c4 e6 3. Nf3 b6 4. g3 Ba6 5. Nbd2 d5 6. Bg2 Be7 7. O-O O-O 8. b3
Bb7 9. Bb2 Nbd7 10. e3 c5 11. Qe2 Rc8 12. Rfd1 Qc7 13. Rac1 Rfd8 14. cxd5 exd5
15. Ne5 Nf8 16. dxc5 bxc5 17. e4 dxe4 18. Nxe4 Rxd1+ 19. Rxd1 Nxe4 20. Bxe4 Bxe4
21. Qxe4 Bf6 22. Nc4 Bxb2 23. Nxb2 Ne6 24. Nc4 Rd8 25. Rd5 h6 26. Kg2 Qe7 27.
Rxd8+ Qxd8 28. Qb7 Qd4 29. h4 g6 30. Qb8+ Kh7 31. Qe5 Qd7 32. Qe4 Kg7 33. Ne3 h5
34. Qe5+ f6 35. Qd5 Qe7 36. Nc4 Qf7 37. Kf1 Qe7 38. Nd6 Nd4 39. Ne4 Ne6 40. Qd6
Kf7 41. Qd5 Kg7 42. Kg2 Nc7 43. Qc6 Ne6 44. Nd6 f5 45. Nc8 Qf6 46. Qd7+ Kf8 47.
Qd6+ Kf7 48. Nxa7 f4 49. Nc6 fxg3 50. fxg3 Qb2+ 51. Kh3 Qe2 52. Ne5+ Kf6 53.
Nd7+ Kf7 54. Ne5+ Kf6 55. Nd3 Kf7 56. Qd5 Kf6 57. Qd6 Kf7 58. Nf4 Qf1+ 59. Kh2
Qf2+ 60. Kh3 Qf1+ 61. Kh2 1/2-1/2

[Event "N1 Reykjavik Open 2014"]
[Site "Reykjavik ISL"]
[Date "2014.03.12"]
[Round "10.4"]
[White "Rozentalis, Eduardas"]
[Black "Gajewski, Grzegorz"]
[Result "1-0"]
[WhiteTitle "GM"]
[BlackTitle "GM"]
[WhiteElo "2623"]
[BlackElo "2629"]
[WhiteFideId "12800023"]
[BlackFideId "1116207"]
[EventDate "2014.03.04"]

1. e4 e5 2. Nf3 Nc6 3. Bb5 Nge7 4. c3 g6 5. d4 exd4 6. cxd4 Bg7 7. d5 a6 8. Be2
Ne5 9. Nxe5 Bxe5 10. Nc3 d6 11. Be3 O-O 12. f4 Bg7 13. Bd4 Bxd4 14. Qxd4 c5 15.
dxc6 Nxc6 16. Qd2 Qb6 17. Nd5 Qd4 18. O-O-O Qxd2+ 19. Rxd2 Be6 20. Rhd1 Rad8 21.
Nc3 Rc8 22. Rxd6 Rfe8 23. g4 b5 24. Kb1 b4 25. Na4 b3 26. a3 Na5 27. Nc3 Bc4 28.
Bxc4 Nxc4 29. Rxa6 Rcd8 30. Rxd8 Rxd8 31. Rc6 Rd4 32. g5 Kg7 33. Kc1 h5 34. Rc5
Ne3 35. Rb5 Rd3 36. Rxb3 h4 37. a4 h3 38. a5 Nf1 39. a6 Nxh2 40. a7 Nf3 41. a8=Q
h2 42. Rb8 h1=Q+ 43. Kc2 Rd2+ 44. Kb3 Qh7 45. Ka2 1-0

[Event "N1 Reykjavik Open 2014"]
[Site "Reykjavik ISL"]
[Date "2014.03.12"]
[Round "10.6"]
[White "Rapport, Richard"]
[Black "Djurhuus, Rune"]
[Result "1/2-1/2"]
[WhiteTitle "GM"]
[BlackTitle "GM"]
[WhiteElo "2681"]
[BlackElo "2447"]
[WhiteFideId "738590"]
[BlackFideId "1500082"]
[EventDate "2014.03.04"]

1. b3 e6 2. Bb2 d5 3. Nf3 Nf6 4. g3 c5 5. Bg2 Nc6 6. O-O Bd6 7. e3 O-O 8. c4
dxc4 9. bxc4 e5 10. Nc3 Be6 11. d3 h6 12. e4 Qd7 13. Nd5 Nh7 14. Nh4 Nd4 15. f4
b5 16. Bxd4 cxd4 17. fxe5 Bxe5 18. Qh5 Ng5 19. Nf5 f6 20. Nde7+ Kh8 21. Ng6+ Kh7
22. Nxf8+ Rxf8 23. cxb5 Qxb5 24. Qe2 Rc8 25. Rab1 Qa6 26. Rb4 Rc3 27. Rfb1 Bc7
28. a4 Bb6 29. h4 Nf7 30. Qg4 g6 31. h5 g5 32. e5 Nxe5 33. Qe4 Qxd3 34. Qb7+ Rc7
35. Rxb6 Rxb7 36. Rxb7+ Bd7 37. Re1 Kh8 38. Rb8+ Kh7 39. Rb7 Kh8 40. Rb8+ Kh7
41. Rb7 1/2-1/2

[Event "N1 Reykjavik Open 2014"]
[Site "Reykjavik ISL"]
[Date "2014.03.12"]
[Round "10.9"]
[White "Abrahamyan, Tatev"]
[Black "Danielsen, Henrik"]
[Result "1/2-1/2"]
[WhiteTitle "WGM"]
[BlackTitle "GM"]
[WhiteElo "2376"]
[BlackElo "2501"]
[WhiteFideId "13301918"]
[BlackFideId "1400185"]
[EventDate "2014.03.04"]

1. e4 g6 2. d4 Bg7 3. Nc3 d6 4. f4 a6 5. Nf3 b5 6. Bd3 Nd7 7. e5 Nh6 8. h4 c5 9.
Be4 Rb8 10. h5 cxd4 11. Nxd4 dxe5 12. Nc6 Qc7 13. Nxb8 Qxb8 14. hxg6 hxg6 15.
Qf3 f5 16. Bd5 e4 17. Qg3 Qd6 18. Bb3 Nc5 19. Be3 Nxb3 20. axb3 Ng4 21. Rxh8+
Bxh8 22. Qh3 Bd4 23. Bxd4 Qxd4 24. Ne2 Qf2+ 25. Kd2 e3+ 26. Kd3 Bb7 27. Qh8+ Kf7
28. Qh7+ Kf6 29. Qh8+ Kf7 30. Qh7+ Kf6 31. Qh8+ Kf7 32. Qh7+ 1/2-1/2

[Event "N1 Reykjavik Open 2014"]
[Site "Reykjavik ISL"]
[Date "2014.03.12"]
[Round "10.10"]
[White "Berkes, Ferenc"]
[Black "L'Ami, Alina"]
[Result "1-0"]
[WhiteTitle "GM"]
[BlackTitle "WGM"]
[WhiteElo "2687"]
[BlackElo "2398"]
[WhiteFideId "718572"]
[BlackFideId "1210246"]
[EventDate "2014.03.04"]

1. d4 Nf6 2. c4 g6 3. Nc3 Bg7 4. e4 d6 5. Nf3 O-O 6. Be2 e5 7. O-O Nc6 8. d5 Ne7
9. b4 Nh5 10. c5 Nf4 11. a4 f5 12. Bc4 fxe4 13. Nxe4 Bg4 14. Ra3 Kh8 15. h3 Bf5
16. Neg5 dxc5 17. Nxe5 Bxe5 18. Bxf4 Bf6 19. bxc5 Nxd5 20. Qxd5 Bxg5 21. Bxg5
Qxg5 22. g4 Qf4 23. Rf3 c6 24. Qg8+ Rxg8 25. Rxf4 Bc2 26. Rc1 g5 27. Rd4 Bg6 28.
Bxg8 Kxg8 29. a5 Rb8 30. Rd7 Be4 31. Re1 1-0

[Event "N1 Reykjavik Open 2014"]
[Site "Reykjavik ISL"]
[Date "2014.03.12"]
[Round "10.12"]
[White "Kobalia, Mikhail"]
[Black "Thorhallsson, Throstur"]
[Result "1/2-1/2"]
[WhiteTitle "GM"]
[BlackTitle "GM"]
[WhiteElo "2646"]
[BlackElo "2435"]
[WhiteFideId "4119150"]
[BlackFideId "2300109"]
[EventDate "2014.03.04"]

1. c4 e6 2. Nf3 d5 3. g3 Nf6 4. Bg2 Be7 5. O-O O-O 6. b3 c5 7. Bb2 Nc6 8. e3 b6
9. Nc3 Bb7 10. cxd5 Nxd5 11. Nxd5 exd5 12. d4 Rc8 13. Qd2 Qd7 14. Rac1 Rfd8 15.
Rfd1 Qe6 16. h4 h6 17. Kh2 Rc7 18. Ne1 cxd4 19. Bxd4 Qd6 20. Qc3 Rdc8 21. Nd3
Nxd4 22. Qxd4 Bf6 23. Qa4 Rxc1 24. Rxc1 Rxc1 25. Nxc1 a5 26. Ne2 Bc6 27. Qg4 Bd7
28. Qh5 Be6 29. Nf4 d4 30. Nxe6 Qxe6 31. Bd5 Qe7 32. e4 d3 33. Qd1 Qc5 34. Kg2
Qc2 35. Qh5 Qc7 36. f4 Bb2 37. e5 Kf8 38. Qf5 d2 39. Qd3 Qc3 40. Qf5 Qc7 41. Bf3
Qd8 42. Qc2 Ba3 43. Qd1 1/2-1/2

[Event "N1 Reykjavik Open 2014"]
[Site "Reykjavik ISL"]
[Date "2014.03.12"]
[Round "10.13"]
[White "Ezat, Mohamed"]
[Black "Grandelius, Nils"]
[Result "0-1"]
[WhiteTitle "IM"]
[BlackTitle "GM"]
[WhiteElo "2439"]
[BlackElo "2600"]
[WhiteFideId "10600906"]
[BlackFideId "1710400"]
[EventDate "2014.03.04"]

1. d4 Nf6 2. Nf3 d5 3. c4 e6 4. g3 Bb4+ 5. Bd2 Be7 6. Bg2 O-O 7. O-O c6 8. Qc2
Nbd7 9. Bf4 b6 10. Nbd2 Nh5 11. Be3 Bb7 12. cxd5 exd5 13. Qf5 Nhf6 14. Bf4 Re8
15. Rac1 c5 16. Rfd1 Nf8 17. b3 Ne6 18. Be5 Nd7 19. dxc5 g6 20. Qb1 Nxe5 21.
Nxe5 bxc5 22. e3 Qb6 23. h4 Rad8 24. Ng4 h5 25. Ne5 Bf6 26. Nef3 Kg7 27. Kh2 a5
28. Bf1 Qa7 29. Kg1 Re7 30. Re1 a4 31. bxa4 c4 32. e4 dxe4 33. Nxe4 Nd4 34. Nfd2
Bxe4 35. Rxe4 Rb7 36. Qa1 Nf5 0-1

[Event "N1 Reykjavik Open 2014"]
[Site "Reykjavik ISL"]
[Date "2014.03.12"]
[Round "10.15"]
[White "Bagi, Mate"]
[Black "Molner, Mackenzie"]
[Result "0-1"]
[WhiteTitle "FM"]
[BlackTitle "GM"]
[WhiteElo "2385"]
[BlackElo "2528"]
[WhiteFideId "742570"]
[BlackFideId "2021722"]
[EventDate "2014.03.04"]

1. d4 Nf6 2. Bg5 d5 3. Bxf6 exf6 4. e3 Be6 5. g3 Nd7 6. Bg2 Bd6 7. Ne2 f5 8. Nd2
O-O 9. b3 Nf6 10. c4 c6 11. O-O Ne4 12. c5 Bc7 13. Qc2 h5 14. b4 h4 15. a4 hxg3
16. hxg3 g5 17. b5 Kg7 18. bxc6 bxc6 19. Nf3 Bc8 20. Ne5 Qe8 21. Nd3 Ba6 22.
Rfe1 Qe6 23. Bf3 Rh8 24. Nb4 Qh6 25. Bg2 Bc4 26. Rab1 Bxg3 0-1

[Event "N1 Reykjavik Open 2014"]
[Site "Reykjavik ISL"]
[Date "2014.03.12"]
[Round "10.16"]
[White "Tania, Sachdev"]
[Black "Pavlovic, Milos"]
[Result "0-1"]
[WhiteTitle "IM"]
[BlackTitle "GM"]
[WhiteElo "2423"]
[BlackElo "2506"]
[WhiteFideId "5007844"]
[BlackFideId "900389"]
[EventDate "2014.03.04"]

1. d4 Nf6 2. c4 g6 3. f3 Nc6 4. d5 Ne5 5. e4 d6 6. Nc3 Bg7 7. f4 Ned7 8. Nh3 O-O
9. Be2 Nb6 10. Nf2 e6 11. Be3 exd5 12. cxd5 c6 13. dxc6 bxc6 14. O-O Re8 15. Bf3
d5 16. Re1 Nc4 17. Bd4 Nxb2 18. Qc2 Nc4 19. exd5 Bf5 20. Qa4 cxd5 21. Nxd5 Rxe1+
22. Rxe1 Nxd5 23. Qxc4 Rc8 24. Qxd5 Bxd4 25. Qxd8+ Rxd8 26. g3 Be6 27. Re2 Bh3
28. Rd2 Re8 29. Be2 Be3 30. Rd3 Bb6 31. Rd2 Rc8 32. a4 Rc1+ 33. Bd1 h5 34. Rd5
Be6 35. Rd2 Bh3 36. Rd5 a5 37. Rd6 Bc5 38. Rd5 Be6 39. Rd8+ Kg7 40. Kg2 Ra1 41.
Ne4 Bb4 42. Ng5 Ra2+ 43. Kf3 Bg4+ 44. Ke4 Be7 45. Rd5 Bxd1 46. Rxd1 Rxa4+ 47.
Kf3 Ra3+ 48. Ke4 Ra2 49. Nf3 a4 50. Rd7 a3 51. Ne5 Kf8 52. Ra7 Rxh2 53. Nc6 Bc5
54. Ra8+ Kg7 55. Kd5 Rc2 56. Nd4 Bxd4 57. Kxd4 a2 58. Ke4 Rc3 59. Rxa2 Rxg3 60.
Rb2 Ra3 61. Rf2 Kh6 62. Ke5 Ra5+ 63. Ke4 f6 64. Kf3 Ra3+ 65. Kg2 h4 66. Rb2 Kh5
67. Rb6 f5 68. Rc6 h3+ 69. Kh2 Ra4 70. Kg3 Ra3+ 71. Kh2 Rf3 72. Rc4 Re3 73. Rc6
Rf3 74. Rc4 Kh4 75. Rc6 Rg3 76. Rb6 Rg2+ 77. Kh1 Rg4 78. Kh2 Rg2+ 79. Kh1 Kh5
80. Rb3 Kg4 81. Ra3 Rf2 82. Ra6 Kh5 83. Ra4 Re2 84. Ra1 Rf2 85. Ra4 Re2 86. Ra1
h2 0-1

[Event "N1 Reykjavik Open 2014"]
[Site "Reykjavik ISL"]
[Date "2014.03.12"]
[Round "10.17"]
[White "Aravindh, Chithambaram VR."]
[Black "Idani, Pouya"]
[Result "1/2-1/2"]
[WhiteTitle "FM"]
[BlackTitle "IM"]
[WhiteElo "2395"]
[BlackElo "2496"]
[WhiteFideId "5072786"]
[BlackFideId "12510130"]
[EventDate "2014.03.04"]

1. e4 e5 2. Nf3 Nc6 3. Bb5 a6 4. Ba4 Nge7 5. O-O g6 6. c3 Bg7 7. d4 exd4 8. cxd4
O-O 9. d5 Na5 10. Nbd2 b5 11. Bc2 d6 12. Re1 c6 13. dxc6 Nexc6 14. a3 Be6 15.
Rb1 b4 16. Nb3 Nc4 17. axb4 Nxb4 18. Nbd4 Bg4 19. h3 Bd7 20. Bb3 Rc8 21. Bxc4
Rxc4 22. b3 Rc8 23. Bf4 Qb6 24. Qd2 Rfe8 25. e5 dxe5 26. Bxe5 Bf8 27. Bg3 Nd5
28. Ne5 Qb4 29. Qxb4 Bxb4 30. Rec1 Bb5 31. Nxb5 axb5 32. Rxc8 Rxc8 33. Rd1 Nf6
34. Bh4 1/2-1/2

[Event "N1 Reykjavik Open 2014"]
[Site "Reykjavik ISL"]
[Date "2014.03.12"]
[Round "10.18"]
[White "Gledura, Benjamin"]
[Black "Urkedal, Frode"]
[Result "1/2-1/2"]
[WhiteTitle "FM"]
[BlackTitle "IM"]
[WhiteElo "2385"]
[BlackElo "2495"]
[WhiteFideId "712779"]
[BlackFideId "1506102"]
[EventDate "2014.03.04"]

1. Nf3 Nf6 2. c4 c5 3. Nc3 Nc6 4. g3 g6 5. Bg2 Bg7 6. O-O O-O 7. d4 cxd4 8. Nxd4
Qa5 9. e3 d6 10. Nde2 Ng4 11. Bd2 Qh5 12. h3 Nge5 13. g4 Qh4 14. Be1 Nxc4 15. b3
Nb6 16. Ne4 Bxa1 17. Qxa1 f5 18. g5 Qxe4 19. Bxe4 fxe4 20. Kg2 Bd7 21. Bc3 Nd5
22. Ng3 Nxc3 23. Qxc3 Ne5 24. Qc7 b6 25. a4 1/2-1/2